Despacito - Luis Fonsi ft Daddy Yankee - All Lyrics - Statistics

General Stats
  • This quiz has been taken 120 times
    119 since last reset
  • The average score is 273 of 446
Answer Stats
Answer % Correct
a
97%
de
95%
y
95%
tu
89%
Tú,
89%
89%
Despacito
88%
despacito
88%
me
85%
con
84%
mi
84%
no
84%
Sí,
84%
si
84%
Si
84%
yo
84%
que
81%
Que
81%
se
81%
81%
te
81%
el
80%
es
77%
metal
77%
ya
77%
Ya,
77%
Oh
76%
oh
76%
(Oh)
76%
(Oh
76%
quiero
76%
Quiero
76%
quiero,
76%
soy
76%
eres
74%
en
73%
la
73%
pa'
73%
sabe
73%
tengo
72%
Fonsi
70%
lo
70%
voy
70%
bailar
69%
un
69%
boca
68%
está
68%
ti
68%
tus
68%
contigo
66%
(Favorito,
66%
favorito,
66%
imán
66%
plan
66%
sin
66%
suave
64%
poquito
62%
hoy
61%
le
61%
más
61%
mirándote
61%
Yeah
59%
yeah)
59%
lugares
58%
Pasito
58%
pasito
58%
pasito,
58%
Pasito,
58%
suavecito
58%
ven,
58%
Ven,
58%
cuello
57%
normal
57%
ritmo
57%
sabes
57%
todo
57%
Vamo
57%
Vi
57%
acercando
55%
al
55%
baby)
55%
beso,
55%
hace
55%
hay
55%
Hey
55%
mis
55%
pulso
55%
camino
54%
favoritos
54%
llamándome
54%
manuscrito
54%
respirar
54%
(Ay
53%
"Ay,
53%
conmigo
53%
rato
53%
ser
53%
ver
53%
D.Y.)
51%
(D.Y.)
51%
estás
51%
llevo
51%
mirada
51%
para
51%
Para
51%
sólo
51%
cuerpo
50%
gritos
50%
Muéstrame
50%
nos
50%
armando
49%
deja
49%
oído
49%
pegando,
49%
peligro
49%
bam
47%
dámelo,
47%
estaba
47%
gustando
47%
sentidos
47%
todos
47%
vamos
47%
van
47%
apellido
46%
corazón
46%
ningún
46%
pidiendo
46%
apuro
45%
enseñes
45%
esto
45%
hasta
45%
Hasta
45%
las
45%
pelo
43%
Puerto
43%
diga
42%
hacer
42%
pensándolo
42%
provocar
42%
Rico
42%
zonas
42%
cosas
41%
salvaje
41%
acelera
39%
cabe
39%
Déjame
39%
olvides
39%
sobrepasar
39%
tiempo
39%
laberinto
38%
esa
36%
pensarlo
36%
pido
36%
viaje
36%
amor
35%
dar
35%
después
35%
lento,
35%
(Sube
34%
sube
34%
sube,
34%
sube)
34%
(Sube,
34%
cómo
32%
besos
31%
intentándolo
31%
tomarlo
31%
cuánto
30%
delicadeza
30%
acuerdes
28%
aquí
28%
buscando
28%
rompecabezas
28%
cuando
26%
paredes
26%
prisa
26%
belleza
24%
Bendito!"
24%
pieza
24%
playa
24%
desnudarte
23%
malicia
23%
una
23%
besas
22%
olas
22%
mami,
20%
beba
19%
destreza
19%
Oye!
19%
pero
19%
firmar
18%
montarlo
18%
dando
16%
dándolo
14%
hacerlo
12%
griten
11%
quede
8%
veo
7%
empezemos
4%
Bailalo!
3%
sello
3%
pureba
0%
No matching quizzes found
Score Distribution
Percent of People with Each Score
Percentile by Number Answered
Your Score History
You have not taken this quiz since the last reset